[Event "Sachsen-ch U14"]
[Site "Sebnitz"]
[Date "2009.04.15"]
[Round "2"]
[White "Ohme, Markus"]
[Black "Fibich, Jascha"]
[Result "0-1"]
[WhiteElo "1399"]
[BlackElo "1670"]
[PlyCount "96"]
[EventDate "2009.04.14"]
[EventType "swiss"]
[EventRounds "7"]
[EventCountry "GER"]
[SourceTitle "EXT 2010"]
[Source "ChessBase"]
[SourceDate "2010.11.25"]
[SourceVersion "1"]
[SourceVersionDate "2010.11.25"]
[SourceQuality "1"]

1. e4 e5 2. Nf3 Nc6 3. d4 exd4 4. Bc4 Bc5 5. c3 Nf6 6. cxd4 Bb4+ 7. Bd2 Bxd2+ 8. Nbxd2 d5 9. exd5 Nxd5 10. 0-0 0-0 11. Nb3 Bg4 12. Bb5 Nce7 13. h3 Bh5 14. Rc1 c6 15. Be2 Nf4 16. Bc4 Re8 17. Bd3 Ned5 18. Bc4 Qf6 19. Kh2 Qd6 20. Kh1 Re7 21. Nbd2 Rae8 22. Qb3 Nb6 23. Bd3 Nxd3 24. Qxd3 Nd5 25. Qb3 Nf4 26. Rc5 b6 27. Rc4 Bg6 28. Rfc1 Nd3 29. Rf1 Re2 30. Kg1 c5 31. dxc5 Nxc5 32. Qc3 h6 33. Rd4 Qf6 34. Nc4 Ne6 35. Qa3 Ng5 36. Rd2 Nxf3+ 37. Qxf3 Qxf3 38. gxf3 Rxd2 39. Nxd2 Re2 40. Nc4 b5 41. Nd6 Rxb2 42. Ra1 b4 43. Ne4 Bxe4 44. fxe4 Re2 45. f3 a5 46. a3 b3 47. a4 b2 48. Rb1 Rc2 0-1

[Event "Sachsen-ch U14"]
[Site "Sebnitz"]
[Date "2009.04.14"]
[Round "1"]
[White "Fibich, Jascha"]
[Black "Merker, Konstantin"]
[Result "0-1"]
[WhiteElo "1670"]
[BlackElo "1340"]
[PlyCount "98"]
[EventDate "2009.04.14"]
[EventType "swiss"]
[EventRounds "7"]
[EventCountry "GER"]
[SourceTitle "EXT 2010"]
[Source "ChessBase"]
[SourceDate "2010.11.25"]
[SourceVersion "1"]
[SourceVersionDate "2010.11.25"]
[SourceQuality "1"]

1. Nf3 Nc6 2. d4 e6 3. e4 d6 4. c4 Nf6 5. Nc3 Be7 6. Bd3 e5 7. d5 Nb8 8. 0-0 Bg4 9. h3 Bh5 10. b4 0-0 11. Be3 Bg6 12. Qc2 Nh5 13. Ne2 h6 14. g4 Nf6 15. Ng3 h5 16. g5 Nh7 17. h4 f6 18. Qd2 fxg5 19. Nxg5 Nxg5 20. hxg5 Nd7 21. Kg2 Qe8 22. Rh1 Qf7 23. Qe2 c5 24. b5 Nb6 25. Rh3 Na4 26. Rah1 Nc3 27. Qc2 Qf3+ 28. Kh2 Qg4 29. Qxc3 Bxg5 30. Qd2 Bf4 31. Kg2 Rf6 32. f3 Qg5 33. Bxf4 exf4 34. Kf1 Qxg3 35. Rxg3 fxg3 36. Rh3 Rxf3+ 37. Ke1 Raf8 38. Be2 g2 39. Bxf3 g1Q+ 40. Ke2 Bxe4 41. Bxe4 Rf2+ 42. Kd3 Rxd2+ 43. Kxd2 Qd4+ 44. Bd3 Qf4+ 45. Kc2 h4 46. Rh1 g5 47. Rf1 Qh2+ 48. Kb3 Qd2 49. Bc2 Qb4# 0-1